Operations research: (Record no. 2049)
[ view plain ]
| 000 -LEADER | |
|---|---|
| fixed length control field | 00551nam a22001817a 4500 |
| 005 - DATE AND TIME OF LATEST TRANSACTION | |
| control field | 20230328085525.0 |
| 008 - FIXED-LENGTH DATA ELEMENTS--GENERAL INFORMATION | |
| fixed length control field | 230328b |||||||| |||| 00| 0 eng d |
| 020 ## - INTERNATIONAL STANDARD BOOK NUMBER | |
| International Standard Book Number | 981-4119-98-9 |
| 082 ## - DEWEY DECIMAL CLASSIFICATION NUMBER | |
| Classification number | 658.5 T128 2003 |
| 100 ## - MAIN ENTRY--PERSONAL NAME | |
| Personal name | Taha, Handy A. |
| Relator term | author |
| 245 ## - TITLE STATEMENT | |
| Title | Operations research: |
| Remainder of title | an introduction / |
| Statement of responsibility, etc. | Handy A. Taha |
| 250 ## - EDITION STATEMENT | |
| Edition statement | 7th ed. |
| 260 ## - PUBLICATION, DISTRIBUTION, ETC. | |
| Place of publication, distribution, etc. | Singapore: |
| Name of publisher, distributor, etc. | Pearson Education (Asia), |
| Date of publication, distribution, etc. | c2003 |
| 300 ## - PHYSICAL DESCRIPTION | |
| Extent | xvii, 830p.: |
| Other physical details | ill. |
| 504 ## - BIBLIOGRAPHY, ETC. NOTE | |
| Bibliography, etc. note | Includes index |
| 541 ## - IMMEDIATE SOURCE OF ACQUISITION NOTE | |
| Accession number | 2036 c.1, 2096 c.2, 2097 c.3, 2098 c.4, |
| 650 ## - SUBJECT ADDED ENTRY--TOPICAL TERM | |
| Topical term or geographic name entry element | Operations research |
| Withdrawn status | Lost status | Source of classification or shelving scheme | Damaged status | Not for loan | Home library | Current library | Date acquired | Total Checkouts | Full call number | Barcode | Date last seen | Copy number | Price effective from | Koha item type | Date last checked out |
|---|---|---|---|---|---|---|---|---|---|---|---|---|---|---|---|
| Dewey Decimal Classification | ctu-moalboal | ctu-moalboal | 01/17/2012 | 658.5 T128 2003 | 2036 | 03/28/2023 | 1 | 03/28/2023 | Books-Reference | ||||||
| Dewey Decimal Classification | ctu-moalboal | ctu-moalboal | 01/17/2012 | 658.5 T128 2003 | 2096 | 03/28/2023 | 2 | 03/28/2023 | Books-Reference | ||||||
| Dewey Decimal Classification | ctu-moalboal | ctu-moalboal | 01/17/2012 | 658.5 T128 2003 | 2097 | 03/28/2023 | 3 | 03/28/2023 | Books-Reference | ||||||
| Dewey Decimal Classification | ctu-moalboal | ctu-moalboal | 01/17/2012 | 4 | 658.5 T128 2003 | 2098 | 08/22/2025 | 4 | 03/28/2023 | Books-Reference | 04/13/2024 |